000 00711nam a2200253Ia 4500
003 OSt
005 20220918195353.0
006 a|||||r|||| 00| 0
007 ta
008 220917b |||||||| |||| 00| 0 eng d
024 _a84,769
037 _cTextual
040 _aARTS
_cARTS
_beng
041 _2eng
_aeng
082 _aSN1:f, M3
100 _aCherulnik Paul D.
_990161
245 0 _aBehavioral reseach
_b Assessing the validity of research findings in psychology
260 _aNew York
_bHarper and Row
_c1983
300 _axii, 371p
_ccm.
500 _aGlossary p360--364
650 _aPSYCHOLOGY
942 _hSN1:f, M3
_cTEXL
_2CC
999 _c208483
_d208483